Zmena: politická kultúrnosť, stabilita a profesionalita skutočnou skúškou politickej profesionality bude programové vyhlásenie novej vlády a následne štátny rozpočet na budúci rok

Bibliographic Details
Main Author: Radičová, Iveta, 1956- (Author)
Format: Article
Language:Slovak
PhysicalDescription:Obr.
Subjects:

MARC

LEADER 00000nab a2200000 a 4500
001 vtls000674935
003 SK-MaSNL
005 20260303202611.0
008 180206c1998 xo 0 slo
015 |a SNBRB1998/10-29087 
035 |a CLN000027110 
040 |a SNKBUCL  |b slo  |c SNKBUCL  |e AACR2 
041 0 |a slo 
044 |a xo  |c SK 
080 |a 324(437.6):328.1  |2 UDC-MRF-SK2 
100 1 |a Radičová, Iveta,  |d 1956-  |4 aut  |9 106427 
245 1 0 |a Zmena: politická kultúrnosť, stabilita a profesionalita  |b skutočnou skúškou politickej profesionality bude programové vyhlásenie novej vlády a následne štátny rozpočet na budúci rok  |c Iveta Radičová 
300 |b Obr. 
650 0 7 |a parlamentné voľby  |z Slovensko  |y 1998  |2 snkbucl  |9 13305 
655 7 |a články z novín a časopisov  |2 snkbucl  |9 267496 
773 0 |t Profit  |g Roč. 6, č. 41 (1998), s. 27 
850 |a Slovenská národná knižnica v Martine 
852 |a SNK  |b KIS3GCP 
958 |a RBX 
999 |c 2180582  |d 2182512